Loading...
| History - American History | 0 | 3 | 0 | 0 | 30 | 81 | 101.00 | 1 | 3 |
| Literature - World Literature | 0 | 3 | 0 | 1 | 30 | 94 | 129.00 | 0 | 3 |
| Social Science | 0 | 1 | 0 | 1 | 10 | 140 | 140.00 | 0 | 1 |
| Literature - American Literature | 0 | 1 | 0 | 1 | 10 | 139 | 139.00 | 0 | 1 |
| Literature - European Literature | 0 | 1 | 0 | 0 | 10 | 127 | 127.00 | 0 | 1 |
| Other Academic | 0 | 1 | 0 | 1 | 10 | 157 | 157.00 | 0 | 1 |
| Philosophy | 0 | 1 | 0 | 0 | 10 | 122 | 122.00 | 0 | 1 |
| Science - Other Science | 0 | 1 | 0 | 0 | 10 | 125 | 125.00 | 0 | 1 |
| Fine Arts - Visual Fine Arts | 0 | 1 | 0 | 0 | 10 | 97 | 97.00 | 0 | 1 |
| History - Ancient History | 0 | 1 | 1 | 0 | 5 | 84 | 84.00 | 1 | 1 |
| History - European History | 1 | 0 | 2 | 0 | 5 | 65 | 65.00 | 0 | 1 |
| Science - Chemistry | 0 | 1 | 2 | 0 | 0 | 136 | 136.00 | 0 | 1 |
| Literature - British Literature | 0 | 0 | 1 | 0 | -5 | 0.00 | 0 | 0 | |
| Science - Physics | 0 | 0 | 1 | 0 | -5 | 0.00 | 0 | 0 | |
| Science - Biology | 0 | 0 | 2 | 0 | -10 | 0.00 | 0 | 0 | |
| Mythology | 0 | 0 | 2 | 0 | -10 | 0.00 | 0 | 0 | |
| Geography | 0 | 0 | 2 | 0 | -10 | 0.00 | 0 | 0 | |
| History - World History | 0 | 0 | 3 | 0 | -15 | 0.00 | 0 | 0 |